[Event "Groningen Festival 2019-A"]
[Site "Groningen"]
[Date "2019.12.30"]
[Round "9.12"]
[White "Van Baar, Esper"]
[Black "Kumar, Nikhil"]
[Result "1/2-1/2"]
[WhiteElo "2181"]
[BlackElo "2315"]
[Annotator "NA"]
[PlyCount "200"]
[EventDate "2019.12.15"]
[EventType "swiss"]
[EventCountry "NED"]
[SourceTitle "playchess.com"]
[Source "ChessBase"]
[SourceQuality "1"]
[TimeControl "40/5400+30:1800+30"]

1. e4 {[%emt 0:00:00]} c6 {[%emt 0:00:00]} 2. Nc3 {[%emt 0:00:00]} d5 {[%emt 0:00:00]} 3. Nf3 {[%emt 0:00:00]} Bg4 {[%emt 0:00:00]} 4. h3 {[%emt 0:00:01]} Bxf3 {[%emt 0:00:03]} 5. Qxf3 {[%emt 0:00:05]} e6 {[%emt 0:00:13]} 6. d4 {[%emt 0:00:46]} dxe4 {[%emt 0:00:17]} 7. Qxe4 {[%emt 0:00:07]} Nd7 {[%emt 0:00:06]} 8. Be3 {[%emt 0:03:19]} g6 {[%emt 0:01:27]} 9. O-O-O {[%emt 0:01:47]} Bg7 {[%emt 0:00:22]} 10. Qd3 {[%emt 0:01:54]} Ne7 {[%emt 0:00:31]} 11. g4 $14 {[%emt 0:05:20]} Qa5 {[%emt 0:00:33]} 12. Kb1 {[%emt 0:01:23]} O-O-O {[%emt 0:01:18]} 13. Bg2 {[%emt 0:05:03]} Qc7 {[%emt 0:08:19]} 14. Qc4 {[%emt 0:05:13]} Rhe8 {[%emt 0:01:45]} 15. Rhe1 {[%emt 0:06:02]} Nb6 {[%emt 0:06:52]} 16. Qc5 {[%emt 0:01:45]} Kb8 {[%emt 0:03:31]} 17. Bg5 {[%emt 0:05:53]} Nd7 {[%emt 0:04:09]} 18. Qb4 {[%emt 0:07:46]} Bf6 {[%emt 0:01:04]} 19. Ne4 {[%emt 0:11:28]} Nd5 {[%emt 0:02:44]} 20. Qd2 {[%emt 0:01:00]} Bxg5 {[%emt 0:00:52]} 21. Nxg5 {[%emt 0:04:44]} Nf4 {[%emt 0:00:53]} 22. Bf1 {[%emt 0:02:14]} Re7 {[%emt 0:01:51]} 23. Nf3 {[%emt 0:04:34]} h6 {[%emt 0:02:06]} 24. h4 {[%emt 0:03:23]} Nb6 {[%emt 0:10:52]} 25. Re4 {[%emt 0:06:35]} Nfd5 {[%emt 0:05:14]} 26. Qxh6 {[%emt 0:03:04]} Nf6 {[%emt 0:00:14]} 27. Re2 {[%emt 0:00:25]} Nxg4 {[%emt 0:16:31]} 28. Qg5 {[%emt 0:00:06]} f5 {[%emt 0:00:04]} 29. Bh3 {[%emt 0:01:47]} Nc4 {[%emt 0:08:43]} 30. Bxg4 {[%emt 0:01:39]} fxg4 {[%emt 0:00:02]} 31. Qxg4 {[%emt 0:01:47]} Qb6 {[%emt 0:01:25]} 32. c3 {[%emt 0:02:46]} Qb5 {[%emt 0:04:56]} 33. Ne5 {[%emt 0:01:36]} a5 {[%emt 0:01:47]} 34. Nxc4 {[%emt 0:02:37]} Qxc4 {[%emt 0:00:02]} 35. Re5 {[%emt 0:02:23]} Rd5 {[%emt 0:01:41]} 36. Rxe6 {[%emt 0:03:33]} Rf7 {[%emt 0:00:26]} 37. Qe2 {[%emt 0:00:42]} Qxe2 {[%emt 0:02:29]} 38. Rxe2 {[%emt 0:00:04]} Rh5 {[%emt 0:00:03]} 39. Rg1 {[%emt 0:02:46]} Rxh4 {[%emt 0:00:07]} 40. Rxg6 {[%emt 0:00:14]} Rh2 {[%emt 0:01:20]} 41. Rge6 {[%emt 0:33:13]} Rfxf2 {[%emt 0:32:01]} 42. Rxf2 {[%emt 0:00:19]} Rxf2 {[%emt 0:00:03]} 43. Re5 {[%emt 0:00:43]} b6 {[%emt 0:00:05]} 44. Re7 {[%emt 0:00:00]} a4 {[%emt 0:00:00]} 45. a3 {[%emt 0:00:00]} Rh2 {[%emt 0:00:00]} 46. Kc1 {[%emt 0:00:00]} b5 {[%emt 0:00:00]} 47. Re5 {[%emt 0:00:00]} Kc7 {[%emt 0:00:00]} 48. c4 {[%emt 0:00:00]} Kb6 {[%emt 0:00:00]} 49. c5+ {[%emt 0:00:00]} Kc7 {[%emt 0:00:00]} 50. Re1 {[%emt 0:00:00]} Kd7 {[%emt 0:00:00]} 51. Rd1 {[%emt 0:00:00]} Ke6 {[%emt 0:00:00]} 52. Rd2 {[%emt 0:00:00]} Rh1+ {[%emt 0:00:00]} 53. Kc2 {[%emt 0:00:00]} Kd5 {[%emt 0:00:00]} 54. Kc3 {[%emt 0:01:16]} Rc1+ {[%emt 0:00:00]} 55. Kd3 {[%emt 0:00:05]} Rc4 {[%emt 0:00:00]} 56. Ke3 {[%emt 0:00:13]} Rc1 {[%emt 0:00:00]} 57. Kd3 {[%emt 0:03:19]} b4 {[%emt 0:00:00]} 58. axb4 {[%emt 0:00:35]} Rc4 {[%emt 0:00:00]} 59. Rh2 {[%emt 0:03:17]} Rxd4+ {[%emt 0:00:00]} 60. Kc3 {[%emt 0:00:11]} Rc4+ {[%emt 0:00:00]} 61. Kd3 {[%emt 0:00:05]} Rxb4 {[%emt 0:00:00]} 62. Rh5+ {[%emt 0:00:05]} Ke6 {[%emt 0:00:00]} 63. Kc3 {[%emt 0:00:45]} Rb3+ {[%emt 0:00:00]} 64. Kc2 {[%emt 0:00:03]} Rg3 {[%emt 0:00:00]} 65. Kb1 {[%emt 0:01:14]} a3 {[%emt 0:00:00]} 66. bxa3 {[%emt 0:00:17]} Rxa3 {[%emt 0:00:00]} 67. Kb2 {[%emt 0:00:08]} Rg3 {[%emt 0:00:00]} 68. Kc2 {[%emt 0:00:09]} Kd7 {[%emt 0:00:00]} 69. Rh7+ {[%emt 0:00:46]} Kc8 {[%emt 0:00:00]} 70. Ra7 {[%emt 0:01:18]} Kb8 {[%emt 0:00:00]} 71. Rh7 {[%emt 0:00:44]} Rg5 {[%emt 0:00:00]} 72. Kb3 {[%emt 0:00:26]} Rxc5 {[%emt 0:00:00]} 73. Rh3 {[%emt 0:00:33]} Kc7 {[%emt 0:00:00]} 74. Rd3 {[%emt 0:00:52]} Rh5 {[%emt 0:00:00]} 75. Kc2 {[%emt 0:00:09]} c5 {[%emt 0:00:00]} 76. Rg3 {[%emt 0:00:08]} Kc6 {[%emt 0:00:00]} 77. Rf3 {[%emt 0:00:10]} Rh4 {[%emt 0:00:00]} 78. Rg3 {[%emt 0:00:04]} Rc4+ {[%emt 0:00:00]} 79. Kd1 {[%emt 0:01:48]} Kd5 {[%emt 0:00:00]} 80. Kd2 {[%emt 0:00:11]} Ra4 {[%emt 0:00:00]} 81. Kc2 {[%emt 0:00:23]} Kc6 {[%emt 0:00:00]} 82. Rh3 {[%emt 0:00:07]} Ra2+ {[%emt 0:00:00]} 83. Kc1 {[%emt 0:00:12]} Kb5 {[%emt 0:00:00]} 84. Rg3 {[%emt 0:00:07]} Rh2 {[%emt 0:00:00]} 85. Rf3 {[%emt 0:00:06]} Kb4 {[%emt 0:00:00]} 86. Rg3 {[%emt 0:00:10]} Kc4 {[%emt 0:00:00]} 87. Rf3 {[%emt 0:00:13]} Kd4 {[%emt 0:00:00]} 88. Rg3 {[%emt 0:00:24]} Re2 {[%emt 0:00:00]} 89. Rh3 {[%emt 0:01:47]} c4 {[%emt 0:00:00]} 90. Rg3 {[%emt 0:00:17]} Ra2 {[%emt 0:00:00]} 91. Rh3 {[%emt 0:00:28]} Kc5 {[%emt 0:00:00]} 92. Rg3 {[%emt 0:00:37]} Kb4 {[%emt 0:00:00]} 93. Rh3 {[%emt 0:00:08]} Ra1+ {[%emt 0:00:00]} 94. Kc2 {[%emt 0:00:18]} Ra2+ {[%emt 0:00:00]} 95. Kc1 {[%emt 0:00:11]} Rg2 {[%emt 0:00:56]} 96. Rf3 {[%emt 0:00:09]} Rg5 {[%emt 0:00:23]} 97. Kc2 {[%emt 0:01:19]} Rg2+ {[%emt 0:00:24]} 98. Kc1 {[%emt 0:00:08]} c3 {[%emt 0:00:02]} 99. Rf8 {[%emt 0:00:09]} Rg1+ {[%emt 0:00:09]} 100. Kc2 {[%emt 0:00:07]} Rg2+ {[%emt 0:00:03]} 1/2-1/2